British consultants lead the charge (Record no. 74628)

MARC details
000 -LEADER
fixed length control field 00852cab a2200205 4500
001 - CONTROL NUMBER
control field ABS68453
008 - FIXED-LENGTH DATA ELEMENTS--GENERAL INFORMATION
fixed length control field 041125n2004 000 0 eng u
035 ## - SYSTEM CONTROL NUMBER
System control number (Sirsi) u128123
100 ## - MAIN ENTRY--PERSONAL NAME
Personal name Hewitt, M.
245 ## - TITLE STATEMENT
Title British consultants lead the charge
260 ## - PUBLICATION, DISTRIBUTION, ETC.
Date of publication, distribution, etc. 2004
490 ## - SERIES STATEMENT
Series statement Management Today
Volume/sequential designation November 2004, 72-75(3)
520 ## - SUMMARY, ETC.
Summary, etc. Examines the "Management Today" league table of the top 100 top consultancies. Alongside the familiar names there are construction and engineering firms such as WS Atkins, EC Harris and Arup. Argues that the divisions between consultancy and service provision are becoming increasingly blurred. The full table is published in the MT Black Book.
590 ## - LOCAL NOTE (RLIN)
Local note ABS
650 ## - SUBJECT ADDED ENTRY--TOPICAL TERM
Topical term or geographic name entry element OUTSOURCING
650 ## - SUBJECT ADDED ENTRY--TOPICAL TERM
Topical term or geographic name entry element SERVICE PROVIDERS
650 ## - SUBJECT ADDED ENTRY--TOPICAL TERM
Topical term or geographic name entry element Management consultancy
9 (RLIN) 6255
690 ## - LOCAL SUBJECT ADDED ENTRY--TOPICAL TERM (OCLC, RLIN)
Topical term or geographic name as entry element MANAGEMENT
942 ## - ADDED ENTRY ELEMENTS (KOHA)
Suppress in OPAC 0
Holdings
Withdrawn status Lost status Source of classification or shelving scheme Damaged status Not for loan Home library Current library Shelving location Date acquired Total Checkouts Full call number Barcode Date last seen Copy number Price effective from Koha item type
    Dewey Decimal Classification     London London Journal article 25/11/2004   ABS68453 128123-1001 06/08/2019 1 06/08/2019 Journal article